01289nam a2200349Ic 450000100060000000300100000600500170001600700030003300800410003602000180007704000350009504100080013008400060013810000310014424500870017525000180026226400390028030000430031933600270036233700330038933800280042249000830045050400740053365000470060765000450065465000350069965500200073470000340075494200120078899900170080095201220081758716CO-BoRNBP20250827191648.0ta200115s2019 ck 000 0 spa d a9789585591035 aCO-BoRNBPbspaerdacCO-BoRNBP0 aspa aP aMunita, Felipeeaut96385110aDiez pájaros en mi ventana /cFelipe Munita ; ilustraciones de Raquel Echenique. a1a. edición 1aBogotá, Colombia :bBabel,c2019 a56 páginas :bilustraciones en color 2rdacontentatextobtxt 2rdamediaasin mediaciónbn 2rdacarrieravolumenbnc0 aPlan Nacional de Lectura y Escritura Leer es mi Cuento / Ministerio de Cultura aIncluye datos biográficos del autor e ilustrador al final del texto04aLiteratura chilenaySiglo XXI2LEMB96385204aPoesía chilenaySiglo XXI2LEMB96385307aAnimalesvPoesía2LEMB91736 aPoesía962912 aEchenique, Raqueleill963854 2loccBK c58716d58716 00102ddc40708INFaMECASARIbMECASARIcLITd2025-08-27l0oPpMDA001380r2025-08-27 19:17:19tEj.1w2025-08-27yBK